Most Guessed Countries on JetPunk A-Z - Statistics

General Stats
  • This quiz has been taken 55 times
  • The average score is 21 of 24
Answer Stats
Letter Guessed Answer % Correct
B 93% Brazil
98%
G 92% Germany
98%
C 96% Canada
96%
F 94% France
96%
Q 51% Qatar
96%
R 95% Russia
96%
D 82% Denmark
94%
O 60% Oman
94%
U 97% United States
94%
Y 62% Yemen
94%
A 93% Australia
92%
Z 55% Zimbabwe
90%
H 66% Hungary
88%
I 93% Italy
88%
J 92% Japan
88%
M 94% Mexico
88%
P 87% Portugal
87%
S 92% Spain
83%
V 72% Vietnam
79%
E 87% Egypt
73%
K 68% Kazakhstan
73%
T 84% Turkey
71%
L 62% Latvia
65%
N 85% North Korea
58%
No matching quizzes found
Score Distribution
Percent of People with Each Score
Percentile by Number Answered
Your Score History
You have not taken this quiz